| 000 | 01280nam a2200337 i 4500 | ||
|---|---|---|---|
| 001 | bg | ||
| 100 | 1 |
_aJanosz-Rajczyk, Marta _d(1944- ). |
|
| 245 | 1 | 0 |
_aZmiany ilościowo-jakościowe PCB, WWA i metali ciężkich w kondycjonowanych osadach ściekowych stabilizowanych biochemicznie / _cMarta Janosz-Rajczyk [et al.] ; Politechnika Częstochowska. |
| 260 |
_aCzęstochowa : _bWydawnictwo Politechniki Częstochowskiej, _c2006. |
||
| 300 |
_a131 s. : _bwykr. ; _c24 cm. |
||
| 490 | 1 |
_aMonografie / Politechnika Częstochowska, _x0860-5017 ; _vnr 120 |
|
| 504 | _aBibliogr. | ||
| 650 | 9 |
_aChemia analityczna _xstosowanie |
|
| 650 | 9 |
_aMetale ciężkie _xchemia _xbadanie |
|
| 650 | 9 |
_aOsady ściekowe _xchemia _xbadanie |
|
| 650 | 9 |
_aOsady ściekowe _xtechnologia |
|
| 650 | 9 |
_aPolichlorowane bifenyle _xchemia _xbadanie |
|
| 650 | 9 |
_aZwiązki aromatyczne _xchemia _xbadanie |
|
| 710 | 0 | _aPolitechnika Częstochowska | |
| 830 | 0 |
_aMonografie (Politechnika Częstochowska) ; _vnr 120 |
|
| 015 | _aPB 20178/2006 | ||
| 020 | _a9788371933073 | ||
| 020 | _a837193307X | ||
| 040 | _cBPK | ||
| 041 | 0 | _apol | |
| 080 | _a628.3:547:546.3/.9:543.061/.062 | ||
| 920 | _a978-83-7193-307-3 | ||
| 920 | _a83-7193-307-X | ||
| 942 | _cKS | ||
| 008 | s pl f |000 0 pol | ||
| 999 |
_c52723 _d52723 |
||
| 856 |
_uhttp://koha.tu.koszalin.pl/cgi-bin/koha/opac-detail.pl?biblionumber=52723 _yKatalog online BPK |
||